[Event "Tradewise Gibraltar Masters 14th"]
[Site "Gibraltar"]
[Date "2016.01.29"]
[Round "4.94"]
[White "Vea, Odin Blikra"]
[Black "Biegel, Thomas"]
[Result "1-0"]
[WhiteElo "2271"]
[BlackElo "2069"]
[PlyCount "57"]
[EventDate "2016.01.26"]
[EventType "swiss"]
[EventRounds "10"]
[EventCountry "GGB"]
[Source "www.saund.co.uk"]
[SourceDate "2005.02.07"]

1. e4 c6 2. Nf3 g6 3. d4 d6 4. Nc3 d5 5. exd5 cxd5 6. Bb5+ Bd7 7. Bxd7+ Qxd7 8.
Ne5 Qd8 9. Qf3 Nf6 10. Bg5 Nc6 11. O-O-O Bg7 12. Bxf6 exf6 13. Ng4 O-O 14. Nxd5
f5 15. Ne5 Nxe5 16. dxe5 Bxe5 17. Rd3 Qa5 18. Kb1 Rfd8 19. h3 Qc5 20. c3 Kg7
21. g4 f4 22. h4 Rd6 23. h5 Rad8 24. h6+ Kf8 25. Rhd1 g5 26. Qe4 f6 27. Qxh7
Rxd5 28. Qg7+ Ke8 29. h7 1-0

[Event "Tradewise Gibraltar Masters 14th"]
[Site "Gibraltar"]
[Date "2016.01.29"]
[Round "4.95"]
[White "Compton, Alistair"]
[Black "Henderson De La Fuente, Lance"]
[Result "1-0"]
[WhiteElo "2094"]
[BlackElo "2270"]
[PlyCount "95"]
[EventDate "2016.01.26"]
[EventType "swiss"]
[EventRounds "10"]
[EventCountry "GGB"]
[Source "www.saund.co.uk"]
[SourceDate "2005.02.07"]

1. e4 c5 2. f4 Nc6 3. Nf3 g6 4. c3 d5 5. e5 Bg7 6. Bb5 Nh6 7. O-O O-O 8. d4
cxd4 9. Bxc6 bxc6 10. cxd4 Bg4 11. Nc3 Nf5 12. h3 Bxf3 13. Rxf3 Qb6 14. Rd3 e6
15. Na4 Qb5 16. g4 Ne7 17. b3 Nc8 18. Rc3 Rd8 19. Rc5 Qb7 20. Qc2 Nd6 21. Be3
Ne4 22. Rxc6 Qe7 23. Nc5 Qh4 24. Qg2 Nxc5 25. Rxc5 a5 26. Rac1 Bf8 27. Rc7 a4
28. Bf2 Qh6 29. Qf3 axb3 30. axb3 Bb4 31. R1c2 Rdb8 32. Kg2 Ba5 33. R7c6 Qf8
34. f5 Qe7 35. f6 Qe8 36. Qe3 Bb4 37. Rc7 Bf8 38. Be1 Qb5 39. b4 Qa4 40. Bd2
Bxb4 41. Bxb4 Qxb4 42. R7c5 Kh8 43. Qh6 Rg8 44. Rc8 Raxc8 45. Rxc8 Qb2+ 46. Kg3
Qa3+ 47. Kh4 g5+ 48. Qxg5 1-0

[Event "Tradewise Gibraltar Masters 14th"]
[Site "Gibraltar"]
[Date "2016.01.29"]
[Round "4.96"]
[White "Pabalan, Rocky"]
[Black "Nava Pereda, Carlos"]
[Result "1/2-1/2"]
[WhiteElo "2089"]
[BlackElo "2262"]
[PlyCount "72"]
[EventDate "2016.01.26"]
[EventType "swiss"]
[EventRounds "10"]
[EventCountry "GGB"]
[Source "www.saund.co.uk"]
[SourceDate "2005.02.07"]

1. e4 d5 2. exd5 Qxd5 3. Nc3 Qd6 4. g3 Nf6 5. Bg2 c6 6. Nge2 Bg4 7. h3 Bh5 8.
O-O e5 9. Re1 Be7 10. b4 O-O 11. a4 Qc7 12. Rb1 Na6 13. b5 Nc5 14. bxc6 bxc6
15. d4 Rad8 16. g4 Bg6 17. Bg5 Ne6 18. Bxf6 Bxf6 19. Ne4 Bxe4 20. Bxe4 exd4 21.
Qd3 g6 22. Qa6 Nc5 23. Qxc6 Qxc6 24. Bxc6 Rc8 25. Bb5 d3 26. Bxd3 Nxa4 27. Rb4
Nc5 28. Rd1 Rfe8 29. Kf1 Re6 30. Rc4 Ree8 31. Rb4 Rb8 32. Rdb1 Rbc8 33. Bc4
Red8 34. Nf4 Be5 35. Nd5 Kf8 36. f4 Bd4 {Both scoresheets illegible hereafter.}
1/2-1/2

[Event "Tradewise Gibraltar Masters 14th"]
[Site "Gibraltar"]
[Date "2016.01.29"]
[Round "4.97"]
[White "Kozarcanin, Sead"]
[Black "Menna Barreto, Felipe Kubiaki"]
[Result "1/2-1/2"]
[WhiteElo "2073"]
[BlackElo "2247"]
[PlyCount "64"]
[EventDate "2016.01.26"]
[EventType "swiss"]
[EventRounds "10"]
[EventCountry "GGB"]
[Source "www.saund.co.uk"]
[SourceDate "2005.02.07"]

1. e4 c5 2. Ne2 d6 3. Nbc3 Nf6 4. g3 Nc6 5. Bg2 g6 6. d3 Bg7 7. O-O O-O 8. h3
Rb8 9. f4 Bd7 10. g4 b5 11. Ng3 Nd4 12. Be3 Ne8 13. Rb1 Nc7 14. Nce2 b4 15. c3
bxc3 16. bxc3 Rxb1 17. Qxb1 Nxe2+ 18. Nxe2 Nb5 19. c4 Nc3 20. Nxc3 Bxc3 21. Qb7
a5 22. Rb1 Bd4 23. Bf2 Bg7 24. Bf1 h6 25. Qa7 Bc6 26. Rb6 Ba8 27. Qxa5 f5 28.
Bg2 e5 29. Qa6 fxg4 30. Rxd6 Qe7 31. fxe5 Qxe5 32. Rxg6 Qa1+ 1/2-1/2

[Event "Tradewise Gibraltar Masters 14th"]
[Site "Gibraltar"]
[Date "2016.01.29"]
[Round "4.98"]
[White "Berrocal Ruiz, Valentin"]
[Black "Hommerson, Paul"]
[Result "0-1"]
[WhiteElo "2040"]
[BlackElo "2240"]
[PlyCount "78"]
[EventDate "2016.01.26"]
[EventType "swiss"]
[EventRounds "10"]
[EventCountry "GGB"]
[Source "www.saund.co.uk"]
[SourceDate "2005.02.07"]

1. Nf3 Nf6 2. c4 g6 3. Nc3 Bg7 4. e4 d6 5. d4 O-O 6. Be2 e5 7. d5 a5 8. Bg5 h6
9. Bh4 Na6 10. Nd2 Qe8 11. O-O Bd7 12. b3 Nh7 13. a3 h5 14. f3 Bh6 15. Bf2 Qe7
16. Qc2 h4 17. Rab1 Bf4 18. Rfd1 Qg5 19. b4 axb4 20. axb4 Bh3 21. Bf1 Bxg2 22.
Bxg2 h3 23. Kf1 hxg2+ 24. Kg1 Qh5 25. Kxg2 Qxh2+ 26. Kf1 Ng5 27. Ke2 Bg3 28.
Rf1 c5 29. dxc6 bxc6 30. b5 Nh3 31. Nd1 cxb5 32. cxb5 Rac8 33. Qb2 Nc5 34. b6
Nf4+ 35. Ke3 Nfd3 36. Qc2 Qh6+ 37. Ke2 Nf4+ 38. Ke3 Bxf2+ 39. Nxf2 Nfe6+ 0-1

[Event "Tradewise Gibraltar Masters 14th"]
[Site "Gibraltar"]
[Date "2016.01.29"]
[Round "4.99"]
[White "Heinemann, Josefine"]
[Black "Vilarnovo Caamano, Jose"]
[Result "1-0"]
[WhiteElo "2233"]
[BlackElo "2043"]
[PlyCount "59"]
[EventDate "2016.01.26"]
[EventType "swiss"]
[EventRounds "10"]
[EventCountry "GGB"]
[Source "www.saund.co.uk"]
[SourceDate "2005.02.07"]

1. e4 c5 2. Nc3 Nc6 3. Bb5 g6 4. Bxc6 dxc6 5. d3 Bg7 6. f4 e5 7. Nf3 Bg4 8. O-O
h5 9. Be3 exf4 10. Bxf4 Bd4+ 11. Kh1 Qd7 12. Qd2 f6 13. Nxd4 cxd4 14. Na4 b6
15. Qf2 O-O-O 16. b4 g5 17. Bd2 h4 18. Nb2 Be6 19. a4 Qc7 20. b5 c5 21. a5 Kb7
22. axb6 axb6 23. Ra6 Qg3 24. Na4 Rd6 25. Nxc5+ bxc5 26. Qxg3 hxg3 27. Rxd6
Rxh2+ 28. Kg1 Nh6 29. Rxe6 Ng4 30. Rexf6 1-0

[Event "Tradewise Gibraltar Masters 14th"]
[Site "Gibraltar"]
[Date "2016.01.29"]
[Round "4.100"]
[White "House, Glenn L"]
[Black "Lindqvist, Roland"]
[Result "1-0"]
[WhiteElo "2226"]
[BlackElo "2018"]
[PlyCount "77"]
[EventDate "2016.01.26"]
[EventType "swiss"]
[EventRounds "10"]
[EventCountry "GGB"]
[Source "www.saund.co.uk"]
[SourceDate "2005.02.07"]

1. Nf3 d6 2. g3 Bg4 3. Bg2 c6 4. d3 e5 5. Nbd2 Nd7 6. O-O Ngf6 7. h3 Bh5 8. Qe1
Be7 9. Nh4 g5 10. Nf5 Bg6 11. Nxe7 Qxe7 12. e4 h6 13. b4 a5 14. bxa5 Rxa5 15.
Nc4 Ra6 16. f4 gxf4 17. gxf4 b5 18. fxe5 dxe5 19. Ne3 b4 20. Nf5 Qc5+ 21. Rf2
Bxf5 22. Be3 Qc3 23. Qxc3 bxc3 24. Rxf5 c5 25. a4 Ke7 26. Ra3 Ke6 27. Bf3 Rha8
28. Kf2 Rxa4 29. Rxc3 Nd5 30. Rb3 c4 31. Rb5 Nc3 32. Rb7 cxd3 33. cxd3 Ra2+ 34.
Kg3 Ne2+ 35. Kh4 Nd4 36. Bxd4 exd4 37. Bg4 Nf8 38. Rfxf7+ Kd6 39. Rf6+ 1-0

[Event "Tradewise Gibraltar Masters 14th"]
[Site "Gibraltar"]
[Date "2016.01.29"]
[Round "4.101"]
[White "Midonet, Mathieu"]
[Black "George, Lolomari Erekosima"]
[Result "1-0"]
[WhiteElo "2211"]
[BlackElo "1937"]
[PlyCount "83"]
[EventDate "2016.01.26"]
[EventType "swiss"]
[EventRounds "10"]
[EventCountry "GGB"]
[Source "www.saund.co.uk"]
[SourceDate "2005.02.07"]

1. e4 c6 2. Ne2 g6 3. d4 Bg7 4. Nbc3 d6 5. Be3 Nd7 6. Qd2 e5 7. f3 Nb6 8. b3
Qe7 9. O-O-O h5 10. Kb1 Bh6 11. Bxh6 Nxh6 12. dxe5 dxe5 13. Nc1 f6 14. Qe3 Nf7
15. Nd3 O-O 16. h4 Kg7 17. Be2 Nd7 18. g4 hxg4 19. fxg4 g5 20. Rdf1 Rg8 21. Qg3
Kf8 22. Nd1 Ke8 23. Ne3 Nf8 24. Nf5 Bxf5 25. gxf5 Kd8 26. Qe3 Nd7 27. hxg5 Nxg5
28. Rh6 Kc7 29. Rfh1 a5 30. a4 Rab8 31. Ka2 b6 32. R1h4 Qg7 33. Rg6 Qf7 34. Nf4
exf4 35. Qxf4+ Kb7 36. Bc4 Qe7 37. Bxg8 Nc5 38. Be6 Ncxe4 39. Qe3 Qb4 40. Rg7+
Ka6 41. Bc4+ b5 42. Bxb5+ 1-0

[Event "Tradewise Gibraltar Masters 14th"]
[Site "Gibraltar"]
[Date "2016.01.29"]
[Round "4.102"]
[White "Moradi, Kimia"]
[Black "Guthrie, David"]
[Result "0-1"]
[WhiteElo "2024"]
[BlackElo "2187"]
[PlyCount "48"]
[EventDate "2016.01.26"]
[EventType "swiss"]
[EventRounds "10"]
[EventCountry "GGB"]
[Source "www.saund.co.uk"]
[SourceDate "2005.02.07"]

1. e4 c5 2. c3 Nf6 3. e5 Nd5 4. d4 cxd4 5. Nf3 e6 6. cxd4 d6 7. Bc4 Nc6 8. O-O
Be7 9. exd6 Qxd6 10. Nc3 O-O 11. a3 Nxc3 12. bxc3 b6 13. Bd3 Bb7 14. Ng5 Bxg5
15. Bxg5 Qd5 16. Qg4 Ne5 17. dxe5 Qxd3 18. Rad1 Qg6 19. Rd4 Rfc8 20. Rfd1 Bd5
21. R1d3 Rc4 22. h4 Qxd3 23. Bf6 Qg6 24. Rxc4 Bxc4 0-1

[Event "Tradewise Gibraltar Masters 14th"]
[Site "Gibraltar"]
[Date "2016.01.29"]
[Round "4.103"]
[White "Marcos Herrero, Francisco"]
[Black "Semprun Martinez, Fernando"]
[Result "0-1"]
[WhiteElo "1982"]
[BlackElo "2178"]
[PlyCount "110"]
[EventDate "2016.01.26"]
[EventType "swiss"]
[EventRounds "10"]
[EventCountry "GGB"]
[Source "www.saund.co.uk"]
[SourceDate "2005.02.07"]

1. Nf3 c5 2. c4 Nc6 3. g3 g6 4. Bg2 Bg7 5. Nc3 e6 6. O-O Nge7 7. d3 O-O 8. a3
Rb8 9. Rb1 a6 10. Bd2 b5 11. cxb5 axb5 12. b4 cxb4 13. axb4 d5 14. e3 Qd6 15.
Qb3 e5 16. Rfc1 h6 17. d4 Be6 18. Ne2 e4 19. Ne1 Rb7 20. Ra1 Nb8 21. f3 exf3
22. Bxf3 Nd7 23. Nd3 Nb6 24. Nc5 Rbb8 25. Ra6 Bc8 26. Ra2 Nc4 27. Rca1 Nf5 28.
Nf4 Nxd4 29. exd4 Bxd4+ 30. Kg2 Bxa1 31. Nxd5 Nxd2 32. Rxd2 Be6 33. Qb1 Bxd5
34. Rxd5 Qf6 35. Nd7 Qc3 36. Rc5 Qd2+ 37. Kh1 Rbe8 38. Rc1 Qxd7 39. Bc6 Qd4 40.
Bxe8 Rxe8 41. Qxa1 Qxb4 42. Qa2 Qe4+ 43. Qg2 Qe1+ 44. Qf1 Qxf1+ 45. Rxf1 Rb8
46. Rb1 b4 47. Rb3 Kg7 48. Kg2 Kf6 49. Kf3 Ke5 50. Ke3 f5 51. Kd3 g5 52. Kc2
Ke4 53. h4 gxh4 54. gxh4 f4 55. Rh3 b3+ 0-1

[Event "Tradewise Gibraltar Masters 14th"]
[Site "Gibraltar"]
[Date "2016.01.29"]
[Round "4.104"]
[White "Byron, Alan M"]
[Black "Odeh, Kenneth"]
[Result "1-0"]
[WhiteElo "2175"]
[BlackElo "2014"]
[PlyCount "53"]
[EventDate "2016.01.26"]
[EventType "swiss"]
[EventRounds "10"]
[EventCountry "GGB"]
[Source "www.saund.co.uk"]
[SourceDate "2005.02.07"]

1. Nf3 Nf6 2. c4 g6 3. Nc3 Bg7 4. e4 d6 5. d4 O-O 6. Be2 c6 7. O-O Nfd7 8. Bg5
f6 9. Be3 f5 10. exf5 Rxf5 11. Ng5 Nb6 12. Bd3 Rxg5 13. Bxg5 Bxd4 14. Bxg6 Bxc3
15. Bxh7+ Kxh7 16. Qd3+ Kg8 17. Qxc3 Qf8 18. Rae1 e5 19. f4 Qg7 20. Re3 e4 21.
Bf6 Qh7 22. Rg3+ Kf8 23. Qd4 Qd7 24. Bd8 Qh7 25. Qxd6+ Ke8 26. Rg8+ Kf7 27.
Rf8+ 1-0

[Event "Tradewise Gibraltar Masters 14th"]
[Site "Gibraltar"]
[Date "2016.01.29"]
[Round "4.105"]
[White "Bullock, Lee"]
[Black "Hill, Alistair"]
[Result "0-1"]
[WhiteElo "1549"]
[BlackElo "2167"]
[PlyCount "36"]
[EventDate "2016.01.26"]
[EventType "swiss"]
[EventRounds "10"]
[EventCountry "GGB"]
[Source "www.saund.co.uk"]
[SourceDate "2005.02.07"]

1. Nf3 d5 2. d4 Bf5 3. c4 e6 4. Nc3 Nf6 5. Bf4 c6 6. e3 Bd6 7. Bg3 Bxg3 8. hxg3
O-O 9. Bd3 Bg6 10. Bxg6 hxg6 11. cxd5 Nxd5 12. Ne5 Nd7 13. Qg4 Nxe5 14. dxe5
Nxc3 15. bxc3 Qa5 16. Qh3 f5 17. exf6 Qxc3+ 18. Ke2 Qb2+ 0-1

[Event "Tradewise Gibraltar Masters 14th"]
[Site "Gibraltar"]
[Date "2016.01.29"]
[Round "4.106"]
[White "Darnell, Anton"]
[Black "Lombaers, Peter"]
[Result "0-1"]
[WhiteElo "1979"]
[BlackElo "2328"]
[PlyCount "122"]
[EventDate "2016.01.26"]
[EventType "swiss"]
[EventRounds "10"]
[EventCountry "GGB"]
[Source "www.saund.co.uk"]
[SourceDate "2005.02.07"]

1. d4 f5 2. c4 Nf6 3. Nc3 d6 4. g3 g6 5. Bg2 Bg7 6. d5 O-O 7. Nh3 Nbd7 8. Qc2
Ne5 9. b3 c5 10. Bb2 a6 11. a4 Rb8 12. O-O Ne8 13. Nf4 b6 14. Nd3 Bd7 15. h3
Nc7 16. f4 Nxd3 17. Qxd3 b5 18. axb5 axb5 19. Ra2 bxc4 20. bxc4 Rb3 21. Qc2 Qb8
22. Nb5 Rxb2 23. Rxb2 Bxb2 24. Qxb2 Nxb5 25. Rb1 Qc7 26. cxb5 Qb6 27. e3 c4 28.
Kf2 Rb8 29. Bf1 Qxb5 30. Qxb5 Rxb5 31. Rc1 Kf8 32. Rxc4 Rxd5 33. Rc7 Ke8 34.
Rb7 Rc5 35. Rb8+ Kf7 36. Bd3 Be6 37. Rh8 Kg7 38. Re8 Rc7 39. Ke2 Kf7 40. Rh8
Kg7 41. Re8 Bf7 42. Rb8 Bc4 43. Bxc4 Rxc4 44. Re8 Rc7 45. Kd3 Kf6 46. Rf8+ Kg7
47. Re8 Ra7 48. Ke2 Ra2+ 49. Kf3 Kf7 50. Rh8 e5 51. fxe5 dxe5 52. g4 Kf6 53.
gxf5 gxf5 54. Rf8+ Kg5 55. h4+ Kg6 56. Rg8+ Kf7 57. Rb8 Ra3 58. Kf2 Ra4 59. Kg3
Rg4+ 60. Kh3 Re4 61. Rb3 Kg6 0-1

[Event "Tradewise Gibraltar Masters 14th"]
[Site "Gibraltar"]
[Date "2016.01.29"]
[Round "4.107"]
[White "Slinger, Tony J"]
[Black "Dolzhikova, Olga"]
[Result "0-1"]
[WhiteElo "1915"]
[BlackElo "2126"]
[PlyCount "60"]
[EventDate "2016.01.26"]
[EventType "swiss"]
[EventRounds "10"]
[EventCountry "GGB"]
[Source "www.saund.co.uk"]
[SourceDate "2005.02.07"]

1. Nf3 d5 2. d4 Nf6 3. e3 Bf5 4. c4 e6 5. Qb3 Qc8 6. Nc3 c6 7. Bd2 Nbd7 8. cxd5
exd5 9. Rc1 Rb8 10. Be2 Be7 11. O-O O-O 12. Ne5 Re8 13. f4 Nxe5 14. fxe5 Ne4
15. Qd1 Nxd2 16. Qxd2 Qe6 17. Bd3 Bxd3 18. Qxd3 f6 19. e4 dxe4 20. Qxe4 fxe5
21. d5 cxd5 22. Nxd5 Bd6 23. b3 Rbc8 24. h3 Red8 25. Nf4 Qf7 26. Rxc8 Rxc8 27.
Nd3 Qe6 28. Nf4 Qd7 29. Qd5+ Kh8 30. Rd1 Bc5+ 0-1

[Event "Tradewise Gibraltar Masters 14th"]
[Site "Gibraltar"]
[Date "2016.01.29"]
[Round "4.108"]
[White "Skutta, Bernd"]
[Black "Kandic, Milan"]
[Result "1-0"]
[WhiteElo "1966"]
[BlackElo "2109"]
[PlyCount "69"]
[EventDate "2016.01.26"]
[EventType "swiss"]
[EventRounds "10"]
[EventCountry "GGB"]
[Source "www.saund.co.uk"]
[SourceDate "2005.02.07"]

1. d4 d6 2. e4 Nf6 3. Nc3 e5 4. Nf3 Nbd7 5. Bc4 Be7 6. a4 a5 7. O-O O-O 8. Re1
c6 9. b3 Qc7 10. h3 exd4 11. Nxd4 Ne5 12. Bf1 Re8 13. Bb2 Bf8 14. Qd2 Nfd7 15.
f4 Ng6 16. Rad1 Nc5 17. Qf2 f6 18. Qg3 Bd7 19. Bc4+ Kh8 20. Bf7 Re7 21. Bxg6
hxg6 22. Qxg6 Rae8 23. Nf3 Be6 24. Qg3 Bg8 25. e5 dxe5 26. fxe5 Bh7 27. Qh4
fxe5 28. Ng5 g6 29. Nce4 Nxe4 30. Rxe4 Rg7 31. Nxh7 Rxh7 32. Bxe5+ Rxe5 33.
Qf6+ Qg7 34. Qxe5 Qxe5 35. Rxe5 1-0

[Event "Tradewise Gibraltar Masters 14th"]
[Site "Gibraltar"]
[Date "2016.01.29"]
[Round "4.109"]
[White "Lochte, Szilvia"]
[Black "Nordquelle, Daniel"]
[Result "0-1"]
[WhiteElo "1913"]
[BlackElo "2102"]
[PlyCount "30"]
[EventDate "2016.01.26"]
[EventType "swiss"]
[EventRounds "10"]
[EventCountry "GGB"]
[Source "www.saund.co.uk"]
[SourceDate "2005.02.07"]

1. d4 Nf6 2. Nf3 c5 3. d5 b5 4. Bg5 Qb6 5. c3 g6 6. Bxf6 Qxf6 7. e4 b4 8. Qc2
Bb7 9. Nbd2 Bg7 10. cxb4 cxb4 11. Rc1 O-O 12. Qa4 a5 13. Qb5 Ba6 14. Qxa5 Bxf1
15. Qxa8 Bxg2 0-1

[Event "Tradewise Gibraltar Masters 14th"]
[Site "Gibraltar"]
[Date "2016.01.29"]
[Round "4.110"]
[White "Bajer, Renato"]
[Black "Havik, Victor"]
[Result "0-1"]
[WhiteElo "1890"]
[BlackElo "2092"]
[PlyCount "60"]
[EventDate "2016.01.26"]
[EventType "swiss"]
[EventRounds "10"]
[EventCountry "GGB"]
[Source "www.saund.co.uk"]
[SourceDate "2005.02.07"]

1. e4 e5 2. Nf3 Nc6 3. d4 exd4 4. Bc4 Nf6 5. e5 d5 6. Bb5 Ne4 7. Nxd4 Bd7 8.
Bxc6 bxc6 9. O-O Bc5 10. Be3 Qe7 11. f3 Nd6 12. Bf2 Nf5 13. Re1 O-O 14. c3 Rae8
15. Nd2 Bb6 16. b4 Nxd4 17. cxd4 Qxb4 18. Nb3 Bf5 19. Rc1 Re6 20. g4 Rg6 21.
Kh1 Bc8 22. h4 f5 23. h5 Rh6 24. Bh4 fxg4 25. fxg4 Rf4 26. Bg5 Bxg4 27. Bxh6
Bf3+ 28. Kh2 Rh4+ 29. Kg3 Bxd1 30. Kxh4 Qxe1+ 0-1

[Event "Tradewise Gibraltar Masters 14th"]
[Site "Gibraltar"]
[Date "2016.01.29"]
[Round "4.111"]
[White "Carlsten, Peter"]
[Black "Goncalves, Jose Antonio Silvei"]
[Result "0-1"]
[WhiteElo "2074"]
[BlackElo "1984"]
[PlyCount "66"]
[EventDate "2016.01.26"]
[EventType "swiss"]
[EventRounds "10"]
[EventCountry "GGB"]
[Source "www.saund.co.uk"]
[SourceDate "2005.02.07"]

1. e4 e5 2. d4 exd4 3. Qxd4 Nc6 4. Qe3 Be7 5. Nc3 Nf6 6. Bc4 Nb4 7. Bb3 d5 8.
exd5 Nbxd5 9. Nxd5 Nxd5 10. Qf3 c6 11. Bd2 Be6 12. O-O-O Qb6 13. Ne2 O-O 14. c3
a5 15. Nd4 a4 16. Bc2 Nb4 17. Nxe6 Nxa2+ 18. Kb1 Ba3 19. b4 Nxb4 20. cxb4 Bxb4
21. Bxb4 Qxb4+ 22. Ka1 fxe6 23. Qd3 g6 24. Rb1 Qe7 25. f3 b5 26. Qc3 Rfb8 27.
Be4 b4 28. Qb2 b3 29. Bxc6 Ra6 30. Be4 Qb4 31. Rhd1 a3 32. Qd4 b2+ 33. Ka2 Qb3#
0-1

[Event "Tradewise Gibraltar Masters 14th"]
[Site "Gibraltar"]
[Date "2016.01.29"]
[Round "4.112"]
[White "Dasaolu, Rotimi"]
[Black "Wilson, Matthew R"]
[Result "1-0"]
[WhiteElo "2060"]
[BlackElo "1873"]
[PlyCount "51"]
[EventDate "2016.01.26"]
[EventType "swiss"]
[EventRounds "10"]
[EventCountry "GGB"]
[Source "www.saund.co.uk"]
[SourceDate "2005.02.07"]

1. d4 Nf6 2. Nf3 e6 3. Bg5 h6 4. Bh4 b6 5. Nbd2 Bb7 6. e3 Be7 7. Bd3 O-O 8. Qe2
c5 9. c3 cxd4 10. exd4 d6 11. O-O-O a5 12. Rhg1 Nd5 13. Qe4 g6 14. Bxe7 Qxe7
15. Qg4 Nf6 16. Qh4 Kg7 17. g4 Bxf3 18. Nxf3 Nd5 19. g5 h5 20. Qe4 Nd7 21. Rde1
Rfe8 22. Nh4 Nf8 23. Bb5 f5 24. gxf6+ Qxf6 25. Bxe8 Rxe8 26. Nf5+ 1-0

[Event "Tradewise Gibraltar Masters 14th"]
[Site "Gibraltar"]
[Date "2016.01.29"]
[Round "4.113"]
[White "Sajjadi, Kimiya"]
[Black "Hamer, Martyn"]
[Result "1/2-1/2"]
[WhiteElo "1839"]
[BlackElo "2058"]
[PlyCount "81"]
[EventDate "2016.01.26"]
[EventType "swiss"]
[EventRounds "10"]
[EventCountry "GGB"]
[Source "www.saund.co.uk"]
[SourceDate "2005.02.07"]

1. d4 h6 2. e4 g5 3. c4 c5 4. d5 d6 5. Nc3 Bg7 6. Bd2 Nf6 7. f4 Nbd7 8. Nf3
gxf4 9. Bxf4 Ng4 10. h3 Nge5 11. Be2 Ng6 12. Bh2 Qa5 13. Qd2 Nde5 14. Rf1 Bd7
15. Nxe5 Bxe5 16. Bxe5 Nxe5 17. O-O-O O-O-O 18. Rf4 Rdg8 19. Bf1 Qb4 20. Qf2 f6
21. Qe2 Rg5 22. Rd2 Be8 23. Nd1 Bh5 24. g4 Be8 25. h4 Rg7 26. Ne3 Bd7 27. Nf5
Bxf5 28. Rxf5 Kc7 29. Rc2 Nxg4 30. Rc3 Ne5 31. Rb3 Qa4 32. Ra3 Qe8 33. Rxa7 Kb8
34. Ra3 b6 35. Qd2 Kb7 36. Rb3 Qd8 37. Qa5 Rg3 38. Qa3 Rxb3 39. Qxb3 Qa8 40.
Rh5 Qa5 41. Kd1 1/2-1/2

[Event "Tradewise Gibraltar Masters 14th"]
[Site "Gibraltar"]
[Date "2016.01.29"]
[Round "4.114"]
[White "Myall, Ivan J"]
[Black "Mrabti, Yahya"]
[Result "1-0"]
[WhiteElo "2049"]
[BlackElo "1780"]
[PlyCount "103"]
[EventDate "2016.01.26"]
[EventType "swiss"]
[EventRounds "10"]
[EventCountry "GGB"]
[Source "www.saund.co.uk"]
[SourceDate "2005.02.07"]

1. e4 c5 2. c3 d5 3. exd5 Qxd5 4. d4 cxd4 5. cxd4 Nc6 6. Nf3 e5 7. Nc3 Bb4 8.
Bd2 Bxc3 9. Bxc3 e4 10. Ne5 Nxe5 11. dxe5 Ne7 12. Qe2 O-O 13. Rd1 Qxa2 14. Qxe4
Bf5 15. Qc4 Qxc4 16. Bxc4 Be6 17. Bxe6 fxe6 18. Rd7 Nd5 19. Rxb7 Nxc3 20. bxc3
a5 21. O-O a4 22. Ra1 Rfc8 23. Ra3 Rc5 24. f4 g5 25. g3 gxf4 26. gxf4 Rc4 27.
Rb4 Rxb4 28. cxb4 Kf7 29. Kf2 Kg6 30. Ke3 Kf5 31. Kd4 Kxf4 32. b5 Rb8 33. Kc5
Kxe5 34. Rxa4 Rc8+ 35. Kb6 Kd5 36. Kb7 Rg8 37. b6 Rg2 38. h4 Ke5 39. Ka7 Kf5
40. b7 Rb2 41. b8=Q Rxb8 42. Kxb8 e5 43. Kc7 e4 44. Kd6 h5 45. Kd5 e3 46. Re4
e2 47. Rxe2 Kg4 48. Re4+ Kg3 49. Ke5 Kh3 50. Kf5 Kg3 51. Kg5 Kf3 52. Ra4 1-0

[Event "Tradewise Gibraltar Masters 14th"]
[Site "Gibraltar"]
[Date "2016.01.29"]
[Round "4.115"]
[White "Kristinsson, Magnus"]
[Black "Suez-Panama, Gilles"]
[Result "1-0"]
[WhiteElo "1776"]
[BlackElo "2032"]
[PlyCount "101"]
[EventDate "2016.01.26"]
[EventType "swiss"]
[EventRounds "10"]
[EventCountry "GGB"]
[Source "www.saund.co.uk"]
[SourceDate "2005.02.07"]

1. e4 e6 2. d4 d5 3. Nd2 Nf6 4. e5 Nfd7 5. Bd3 c5 6. c3 Nc6 7. Ne2 cxd4 8. cxd4
f6 9. exf6 Qxf6 10. Nf3 h6 11. O-O Bd6 12. Bc2 O-O 13. Be3 Rd8 14. Qd2 Nf8 15.
Bf4 Bb4 16. Qd3 Bd7 17. a3 Be7 18. Ne5 Be8 19. Nxc6 bxc6 20. Be5 Qf7 21. f4 c5
22. f5 c4 23. Qg3 Kh8 24. fxe6 Qg8 25. Qf4 Bg6 26. Qxh6+ Qh7 27. Bxg7+ Kg8 28.
Qxh7+ Bxh7 29. Bxf8 Rxf8 30. Bxh7+ Kxh7 31. Rxf8 Rxf8 32. Rf1 Re8 33. Rf7+ Kh6
34. Nf4 Bg5 35. Nxd5 Rxe6 36. Rxa7 Re2 37. Rb7 Rd2 38. Ne7 Be3+ 39. Kf1 Rf2+
40. Ke1 Bxd4 41. h3 Rxb2 42. Rxb2 Bxb2 43. a4 Kg5 44. Kd2 Kf6 45. Nc6 Ke6 46.
g4 Bf6 47. Nb4 Kd6 48. a5 Bd8 49. a6 Bb6 50. Kc3 Ke5 51. Nc6+ 1-0

[Event "Tradewise Gibraltar Masters 14th"]
[Site "Gibraltar"]
[Date "2016.01.29"]
[Round "4.116"]
[White "Korning, Peter"]
[Black "Tarr, Steve F"]
[Result "1-0"]
[WhiteElo "2015"]
[BlackElo "1779"]
[PlyCount "87"]
[EventDate "2016.01.26"]
[EventType "swiss"]
[EventRounds "10"]
[EventCountry "GGB"]
[Source "www.saund.co.uk"]
[SourceDate "2005.02.07"]

1. e4 c5 2. d4 cxd4 3. c3 Nf6 4. e5 Nd5 5. Qxd4 e6 6. Bc4 Nc6 7. Qe4 f5 8. Qe2
Qc7 9. Nf3 Be7 10. O-O O-O 11. Re1 b6 12. a3 Na5 13. Ba2 Bb7 14. b4 Nxc3 15.
Qc2 Bxf3 16. Qxc3 Qxc3 17. Nxc3 Nc6 18. gxf3 Nd4 19. Rd1 Nxf3+ 20. Kg2 Nxe5 21.
f4 Ng4 22. Rxd7 Bf6 23. Bxe6+ Kh8 24. Bd2 Rfe8 25. Re1 Rad8 26. Rxd8 Rxd8 27.
Bd7 g6 28. Re8+ Rxe8 29. Bxe8 Kg7 30. Nd5 Bb2 31. a4 Nf6 32. Nxf6 Kxf6 33. Bb5
h6 34. h4 Bd4 35. Bc4 Bb2 36. Kf3 Bd4 37. Ke2 Ke7 38. Be1 Kf6 39. Kd3 Bg1 40.
Bc3+ Ke7 41. Bg7 Bf2 42. Bxh6 Be1 43. Bg5+ Kf8 44. b5 1-0

[Event "Tradewise Gibraltar Masters 14th"]
[Site "Gibraltar"]
[Date "2016.01.29"]
[Round "4.119"]
[White "Schimmer, Michael"]
[Black "Kalthoff, Peter"]
[Result "0-1"]
[WhiteElo "1782"]
[BlackElo "2132"]
[PlyCount "36"]
[EventDate "2016.01.26"]
[EventType "swiss"]
[EventRounds "10"]
[EventCountry "GGB"]
[Source "www.saund.co.uk"]
[SourceDate "2005.02.07"]

1. e4 d5 2. exd5 Nf6 3. d4 Qxd5 4. c4 Qd6 5. Nc3 a6 6. Be2 Nc6 7. Be3 Bf5 8.
Nf3 e6 9. c5 Qe7 10. O-O h6 11. Qb3 Rb8 12. Rad1 g5 13. Rfe1 Bg7 14. Bc1 O-O
15. d5 Nxd5 16. Nxd5 exd5 17. Bc4 dxc4 18. Qxc4 Qf6 0-1